| 000 | 00000nam##2200000za#4500 |
| 001 | 9.581019 |
| 003 | CaOODSP |
| 005 | 20210624191323 |
| 007 | cr ||||||||||| |
| 008 | 150406|2009||||xxc|||||o f|0| 0 eng|d |
| 022 | |a1701-1280 |
| 040 | |aCaOODSP|beng |
| 043 | |an-cn--- |
| 086 | 1 |aFs70-4/2009-019E-PDF |
| 110 | 1 |aCanada. |bDepartment of Fisheries and Oceans. |
| 245 | 10|aProceedings of the Central and Arctic regional science advisory process on the recovery potential assessment of Atlantic Salmon (Lake Ontario population) : |h[electronic resource]|bMarch 1- 2, 2007, Canada Centre for Inland Waters, Burlington, ON / |cL. Marshall, Meeting Chairperson; K. A. Martin, Editor. |
| 260 | |aBurlington - Ontario : |bFisheries and Oceans Canada |cAugust 2009. |
| 300 | |a48p.|breferences |
| 490 | 1 |aCanadian Science Advisory Secretariat proceedings series|x1701-1280|v2009/019 |
| 590 | |a14-19-Supp|b2014-11-03 |
| 830 | #0|aProceedings series (Canadian Science Advisory Secretariat)|x1701-1280|v2009/019|w(CaOODSP)9.506483 |
| 856 | 40|ahttp://publications.gc.ca|qPDF|s236 KB|uhttps://publications.gc.ca/collections/collection_2014/mpo-dfo/Fs70-4-2009-019-eng.pdf|y2009/019 |